00507nam a2200181 a 4500001001300000003000900013005001700022008004100039020002300080082001500103100002400118245005100142260004500193300000900238500003500247650001900282700002400301nice12345678IN_TiNIC20260116015034.0080415s2006 gena grp 000 0 eng  a3905676486 c10000a266.2bREI aReinhard, Boettcher aDiaconal Ministry in the Mission of the Church aGenevabLutheran World Federation c2006 a105p aincludes index and biblioraphy aChurch-Mission1 aReinhard, Boettcher